Catálogo público

Ingeniería económica / (Record no. 171995)

MARC details
000 -CABECERA
campo de control de longitud fija 01226nam a2200373Ia 4500
001 - NÚMERO DE CONTROL
campo de control dia_1455
003 - IDENTIFICADOR DEL NÚMERO DE CONTROL
campo de control CHAP
005 - FECHA Y HORA DE LA ÚLTIMA TRANSACCIÓN
campo de control 20240305114952.0
008 - DATOS DE LONGITUD FIJA--INFORMACIÓN GENERAL
campo de control de longitud fija 220117s1985 xx 000 0 und d
010 ## - NÚMERO DE CONTROL DE LA BIBLIOTECA DEL CONGRESO
Número de control de LC 171995
020 ## - NÚMERO INTERNACIONAL ESTÁNDAR DEL LIBRO
Número Internacional Estándar del Libro 968-18-1788-5
040 ## - FUENTE DE LA CATALOGACIÓN
Centro/agencia transcriptor CHAP
082 ## - NÚMERO DE LA CLASIFICACIÓN DECIMAL DEWEY
Número de clasificación 658.15 T39 1985
100 ## - ENTRADA PRINCIPAL--NOMBRE DE PERSONA
Nombre de persona Taylor, George A.
9 (RLIN) 150793
245 ## - MENCIÓN DE TÍTULO
Título Ingeniería económica /
Mención de responsabilidad, etc. George Taylor A. ; tradución Alfredo Díaz Mata
250 ## - MENCIÓN DE EDICIÓN
Mención de edición 2a ed.
260 ## - PUBLICACIÓN, DISTRIBUCIÓN, ETC.
Lugar de publicación, distribución, etc. México :
Nombre del editor, distribuidor, etc. Limusa,
Fecha de publicación, distribución, etc. 1985
300 ## - DESCRIPCIÓN FÍSICA
Extensión 640 p.
500 ## - NOTA GENERAL
Nota general Título original: Managerial and engineering economy: economic decision-making
503 ## - NOTA DE HISTORIA BIBLIOGRÁFICA (BK CF MU) [OBSOLETO]
Nota de historia bibliográfica I.142712 (ej.1) \ I.142713 (ej.2) \ I.142711 (ej.3)
504 ## - NOTA DE BIBLIOGRAFÍA, ETC.
Nota de bibliografía, etc. Bibliografía: p. 585-588
590 ## - NOTA LOCAL (RLIN)
Nota local HD30.22 T39 1985
650 ## - PUNTO DE ACCESO ADICIONAL DE MATERIA--TÉRMINO DE MATERIA
Término de materia o nombre geográfico como elemento de entrada Administración financiera
9 (RLIN) 150794
650 ## - PUNTO DE ACCESO ADICIONAL DE MATERIA--TÉRMINO DE MATERIA
Término de materia o nombre geográfico como elemento de entrada Decision
Subdivisión general making
9 (RLIN) 150795
650 ## - PUNTO DE ACCESO ADICIONAL DE MATERIA--TÉRMINO DE MATERIA
Término de materia o nombre geográfico como elemento de entrada Engineering economy
9 (RLIN) 150780
650 ## - PUNTO DE ACCESO ADICIONAL DE MATERIA--TÉRMINO DE MATERIA
Término de materia o nombre geográfico como elemento de entrada Ingeniería económica
9 (RLIN) 58222
650 ## - PUNTO DE ACCESO ADICIONAL DE MATERIA--TÉRMINO DE MATERIA
Término de materia o nombre geográfico como elemento de entrada Managerial economics
9 (RLIN) 150796
650 ## - PUNTO DE ACCESO ADICIONAL DE MATERIA--TÉRMINO DE MATERIA
Término de materia o nombre geográfico como elemento de entrada Toma de decisiones
9 (RLIN) 113662
700 ## - PUNTO DE ACCESO ADICIONAL--NOMBRE DE PERSONA
Nombre de persona Díaz Mata, Alfredo, tr.
9 (RLIN) 150797
901 ## - ELEMENTOS DE DATOS A LOCAL LDA (RLIN)
a 658.15 T39 1985
902 ## - ELEMENTOS DE DATOS B LOCAL, LDB (RLIN)
a M
905 ## - ELEMENTOS DE DATOS E LOCAL, LDE (RLIN)
a 5232271985 mx mn 8222223322spa16
942 ## - ELEMENTOS DE PUNTO DE ACCESO ADICIONAL (KOHA)
Tipo de ítem Koha Libro
Fuente del sistema de clasificación o colocación Dewey Decimal Classification
Holdings
Estado de retiro Estado de pérdida Fuente del sistema de clasificación o colocación Estado dañado Restricciones de uso No para préstamo Código de colección Localización permanente Ubicación/localización actual Fecha de adquisición Fuente de adquisición Coste, precio normal de compra Número de inventario Total de préstamos Signatura topográfica completa Código de barras Fecha visto por última vez Fecha del último préstamo Número de copia Tipo de ítem Koha
    Dewey Decimal Classification   Préstamo 5 días   General Ingenieria Agroindustrial Ingenieria Agroindustrial 08/11/1988 Compra Librería Patena F. 3000 / R. 21503 (8/Nov/88) 13625.50 142711 1 658.15 T39 1985 dia_002882 17/02/2025 17/02/2025 Ej. 3 Libro
    Dewey Decimal Classification   Préstamo interno   General Ingenieria Agroindustrial Ingenieria Agroindustrial 08/11/1988 Compra Librería Patena F. 3000 / R. 21503 (8/Nov/88) 13625.50 142712   658.15 T39 1985 dia_002880 18/01/2022   Ej. 1 Libro
    Dewey Decimal Classification   Préstamo 5 días   General Ingenieria Agroindustrial Ingenieria Agroindustrial 08/11/1988 Compra Librería Patena F. 3000 / R. 21503 (8/Nov/88) 13625.50 142713 1 658.15 T39 1985 dia_002881 30/05/2023 30/05/2023 Ej. 2 Libro